Sports Anime - Statistics

General Stats
  • This quiz has been taken 266 times
  • The average score is 7 of 15
Answer Stats
Sports Protagonist Answer % Correct
Volleyball Shoyo Hinata Haikyu!!
96%
Swimming Haruka Nanase Free!
74%
Figure Skating Yuri Katsuki Yuri on Ice
71%
Basketball Tetsuya Kuroko Kuroko no Basuke
68%
Boxing Ippo Makunouchi Hajime no Ippo
65%
Basketball Hanamichi Sakuragi Slam Dunk
61%
Soccer Tsubasa Oozora Captain Tsubasa
51%
Tennis Ryoma Echizen The Prince of Tennis
50%
American football Sena Kobayakawa Eyeshield 21
33%
Cycling Sakamichi Onoda Yowamushi Pedal
26%
Street Racing Takumi Fujiwara Initial D
23%
Baseball Goro Honda/Shigeno Major
22%
Martial Arts Baki Hanma Baki the Grappler
19%
Yo-Yo Shunichi Domoto Super Yo-Yo
2%
Fishing Musashi Kazama Grander Musashi
1%
No matching quizzes found
Score Distribution
Percent of People with Each Score
Percentile by Number Answered
Your Score History
You have not taken this quiz